| 000 | 00952cam a22002771 4500 | ||
|---|---|---|---|
| 001 | 15999 | ||
| 003 | BD-RjUL | ||
| 005 | 20211208235929.0 | ||
| 008 | 140211s1954 nyua b 000 0 eng | ||
| 035 | _a(BD-RjUL)16054 | ||
| 040 |
_aDLC _cBD-RjUL _dBD-RjUL _dDLC _beng |
||
| 041 | _aeng | ||
| 082 |
_a660.76 _bLEI 1954 |
||
| 100 | 1 |
_aLewis, Warren Kendall, _d1882- _949554 |
|
| 245 | 1 | 0 |
_aIndustrial stoichiometry; _bchemical calculations of manufacturing processes _c[by] Warren K. Lewis, Arthur H. Radasch [and] H. Clay Lewis. |
| 250 | _a2d ed. | ||
| 260 |
_aNew York, _bMcGraw-Hill, _c1954. |
||
| 300 |
_a429 p. _billus. _c24 cm. |
||
| 650 | 0 |
_aChemistry _xProblems, exercises, etc. _949556 |
|
| 700 | 1 |
_aRadasch, Arthur Hitchcock, _d1898- _949557 |
|
| 700 | 1 |
_aLewis, H. Clay _q(Herbert Clay), _d1913- _949558 |
|
| 942 |
_2ddc _cBK |
||
| 999 |
_c15999 _d15999 |
||